| 000 | 00881nam a22002297a 4500 | ||
|---|---|---|---|
| 999 |
_c17059 _d17059 |
||
| 003 | AR-CdUCM | ||
| 008 | 190507b ||||| |||| 00| 0 spa d | ||
| 020 | _a968-29-1705-0 | ||
| 040 |
_aMUNICIPALIDAD PROVINCIAL DEL CUSCO _cBIBLIOTECA MUNICIPAL DEL CUSCO |
||
| 082 |
_a536 / _bC29 |
||
| 100 |
_aCarnot, Sadi. _936879 |
||
| 245 | _aReflexiones sobre la potencia motriz del fuego / | ||
| 260 |
_aMéxico D.F. : _bTalleres gráficos Instituto Politécnico Nacional, _c1987. |
||
| 300 |
_a165 paginas ; _bCuadros, _c18 cm. |
||
| 440 |
_aSerie Ciencia y Tecnica _936880 |
||
| 505 | _aContenido : Los inicios de la termodinámica -- Reflexiones sobre la potencia motriz del fuego -- Esbozo biográfico de Sadi Carnot | ||
| 650 |
_aTermodinámica _919746 |
||
| 650 |
_aTransmisión _930317 |
||
| 650 |
_aMáquinas de vapor _919731 |
||
| 942 |
_2ddc _cLIBROS |
||
| 945 |
_awnts _d2019-05-7 |
||